Zabezpečení a ochrana dat v operačních systémech Windows a Linux /

Hlavní autor: Klimša, Petr
Korporativní autor: Gymnázium a Obchodní akademie (Orlová, Česko)
Jazyk: Čeština
Vydáno: Orlová : Obchodní akademie Orlová, 2014
Vydání: Vyd. 1.
Témata:
Fyzický popis: 107 s. : il. ; 30 cm
Knihy
Uloženo v:
LEADER 01743nam a2200445 a 4500
001 nkc20142594704
003 CZ PrNK
005 20150206140357.0
007 ta
008 140715s2014 xr a e p 000 0 cze
015 |a cnb002594704 
020 |a 978-80-87477-22-9  |q (brož.) 
035 |a (OCoLC)892781058 
040 |a ABA001  |b cze 
072 7 |a 004  |x Počítačová věda. Výpočetní technika. Informační technologie  |2 Konspekt  |9 23 
072 7 |a 37.016  |x Učební osnovy. Vyučovací předměty. Učebnice  |2 Konspekt  |9 22 
080 |a 004.7.056  |2 MRF 
080 |a 004.6.056.5  |2 MRF 
080 |a (07)  |2 MRF 
100 1 |a Klimša, Petr  |7 jx20080331043  |4 aut 
245 1 0 |a Zabezpečení a ochrana dat v operačních systémech Windows a Linux /  |c Petr Klimša 
250 |a Vyd. 1. 
260 |a Orlová :  |b Obchodní akademie Orlová,  |c 2014 
300 |a 107 s. :  |b il. ;  |c 30 cm 
500 |a Nad názvem: Gymnázium a Obchodní akademie, Orlová 
500 |a 25 výt. 
504 |a Obsahuje bibliografii 
521 8 |a Učební materiál pro podporu přípravy na profesní zkoušku Správce operačních systémů pro malé a střední organizace 
650 0 7 |a zabezpečení počítačových sítí  |7 ph127513  |2 czenas 
650 0 7 |a ochrana dat  |7 ph123657  |2 czenas 
650 0 9 |a computer network security  |2 eczenas 
650 0 9 |a data protection  |2 eczenas 
655 7 |a učební texty  |7 fd133599  |2 czenas 
655 9 |a educational texts  |2 eczenas 
710 2 |a Gymnázium a Obchodní akademie (Orlová, Česko)  |7 kn20140715003 
910 2 |a BOA001  |b 4-1338.442 
990 |a BK 
995 |a 01 
991 |b 201501  |c NOV  |e n 
996 6 |b 2610618142  |c 4-1338.442  |l MZK  |r Sklad / do 1 hodiny  |n 3  |p p.v.  |w 001482158  |u 000010  |a 1  |e BOA001  |j MZK50  |s P